Central Library || Chittagong University

Paleobiology of the invertebrates : (Record no. 111696)

MARC details
000 -LEADER
fixed length control field 00491nam a22001697a 4500
003 - CONTROL NUMBER IDENTIFIER
control field BD-ChCU
005 - DATE AND TIME OF LATEST TRANSACTION
control field 20260223092927.0
008 - FIXED-LENGTH DATA ELEMENTS--GENERAL INFORMATION
fixed length control field 260223b bg ||||| |||| 00| 0 ben d
040 ## - CATALOGING SOURCE
Transcribing agency BD-ChCU
082 ## - DEWEY DECIMAL CLASSIFICATION NUMBER
Classification number 562 TAP
100 ## - MAIN ENTRY--PERSONAL NAME
Personal name Tasch , Paul .
9 (RLIN) 20490
245 ## - TITLE STATEMENT
Title Paleobiology of the invertebrates :
Remainder of title Date retrieval from the fossil record ./
Statement of responsibility, etc. Paul , Tasch.
260 ## - PUBLICATION, DISTRIBUTION, ETC.
Place of publication, distribution, etc. New York :
Name of publisher, distributor, etc. Wiley .
Date of publication, distribution, etc. C 1973
300 ## - PHYSICAL DESCRIPTION
Extent xxv , 946p
650 #0 - SUBJECT ADDED ENTRY--TOPICAL TERM
Topical term or geographic name entry element Invertebrates .
9 (RLIN) 20491
942 ## - ADDED ENTRY ELEMENTS (KOHA)
Source of classification or shelving scheme Dewey Decimal Classification
Koha item type Books
Suppress in OPAC No
Holdings
Withdrawn status Lost status Source of classification or shelving scheme Damaged status Not for loan Home library Current library Shelving location Date acquired Source of acquisition Total Checkouts Full call number Barcode Date last seen Copy number Price effective from Koha item type
    Dewey Decimal Classification     Chittagong University Library Chittagong University Library Science Reading Room 02/23/2026 Purchase   562 TAP 135629 02/23/2026 C-1 02/23/2026 Books
© Copyright 2025. Chittagong University Library, Installation and Maintenance by Prof. Dr. Md. Alamgir, 01711306253